Bank Marketing (Record no. 84630)
[ view plain ]
| 000 -LEADER | |
|---|---|
| fixed length control field | 00578nam a2200229Ia 4500 |
| 005 - DATE AND TIME OF LATEST TRANSACTION | |
| control field | 20230328134846.0 |
| 008 - FIXED-LENGTH DATA ELEMENTS--GENERAL INFORMATION | |
| fixed length control field | 230125s9999 xx 000 0 und d |
| 020 ## - INTERNATIONAL STANDARD BOOK NUMBER | |
| International Standard Book Number | 978-93-5024-908-6 |
| 041 ## - LANGUAGE CODE | |
| Language code of text/sound track or separate title | eng |
| 082 ## - DEWEY DECIMAL CLASSIFICATION NUMBER | |
| Classification number | 332.1 |
| Item number | JHA |
| 100 ## - MAIN ENTRY--PERSONAL NAME | |
| Author | Jha S M |
| 245 ## - TITLE STATEMENT | |
| Title | Bank Marketing |
| 250 ## - EDITION STATEMENT | |
| Edition statement | 2nd ed |
| 260 ## - PUBLICATION, DISTRIBUTION, ETC. | |
| Date of publication, distribution, etc. | 2011 |
| Name of publisher, distributor, etc. | Himalaya Publishing House |
| Place of publication, distribution, etc. | Pune |
| 300 ## - PHYSICAL DESCRIPTION | |
| Extent | 379p |
| 500 ## - GENERAL NOTE | |
| Keywords | Banking;Bank Marketing |
| 650 ## - SUBJECT ADDED ENTRY--TOPICAL TERM | |
| Topical term or geographic name entry element | Banking;Bank Marketing |
| 700 ## - ADDED ENTRY--PERSONAL NAME | |
| Personal name | Jha S M |
| 942 ## - ADDED ENTRY ELEMENTS (KOHA) | |
| Koha item type | Books |
| 906 ## - LOCAL DATA ELEMENT F, LDF (RLIN) | |
| b | 119.35 |
| Withdrawn status | Lost status | Damaged status | Not for loan | Home library | Current library | Date acquired | Vendor | Net Price | Bill number | Total Checkouts | Full call number | Barcode | Date last seen | Actual Price | Bill Date | Koha item type | Original Barcode |
|---|---|---|---|---|---|---|---|---|---|---|---|---|---|---|---|---|---|
| Smt. Hiraben Nanavati Institute of Management & Research for Women | Smt. Hiraben Nanavati Institute of Management & Research for Women | 06/12/2016 | Suyog Enterprises | 385.00 | SE/SI/3559 | 332.1 JHA B14612 | HIMR-BK-14612 | 25/01/2023 | 265.65 | 02/12/2016 | Books | B14612 | |||||
| Smt. Hiraben Nanavati Institute of Management & Research for Women | Smt. Hiraben Nanavati Institute of Management & Research for Women | 27/02/2012 | Himalaya publishing house | 350.00 | A006047 | 332.1 JHA B10831 | HIMR-BK-10831 | 25/01/2023 | 262.00 | 16/11/2011 | Books | B10831 | |||||
| Smt. Hiraben Nanavati Institute of Management & Research for Women | Smt. Hiraben Nanavati Institute of Management & Research for Women | 27/02/2012 | Himalaya publishing house | 350.00 | A006047 | 332.1 JHA B10830 | HIMR-BK-10830 | 25/01/2023 | 262.00 | 16/11/2011 | Books | B10830 | |||||
| Smt. Hiraben Nanavati Institute of Management & Research for Women | Smt. Hiraben Nanavati Institute of Management & Research for Women | 27/02/2012 | Himalaya publishing house | 350.00 | A006047 | 332.1 JHA B10829 | HIMR-BK-10829 | 25/01/2023 | 262.00 | 16/11/2011 | Books | B10829 | |||||
| Smt. Hiraben Nanavati Institute of Management & Research for Women | Smt. Hiraben Nanavati Institute of Management & Research for Women | 27/02/2012 | Himalaya publishing house | 350.00 | A006047 | 332.1 JHA B10828 | HIMR-BK-10828 | 25/01/2023 | 262.00 | 16/11/2011 | Books | B10828 | |||||
| Smt. Hiraben Nanavati Institute of Management & Research for Women | Smt. Hiraben Nanavati Institute of Management & Research for Women | 27/02/2012 | Himalaya publishing house | 350.00 | A006047 | 332.1 JHA B10832 | HIMR-BK-10832 | 25/01/2023 | 262.00 | 16/11/2011 | Books | B10832 | |||||
| Smt. Hiraben Nanavati Institute of Management & Research for Women | Smt. Hiraben Nanavati Institute of Management & Research for Women | 08/07/2013 | Satya Gilani | 332.1 JHA DB1915 | HIMR-DB-1915 | 25/01/2023 | 08/07/2013 | Donated Book | DB1915 |